000 01895nam a2200397 a 4500
001 ebr10363919
003 CaPaEBR
006 m u
007 cr cn|||||||||
008 080620s2008 ne b sb 001 0deng
010 _z 2008027701
015 _aGBA889576
_2bnb
016 7 _z014669921
_2Uk
016 7 _zB0812018
_2bccb
020 _z9789004166516 (hardback : alk. paper)
020 _z9004166513 (hardback : alk. paper)
040 _aCaPaEBR
_cCaPaEBR
035 _a(OCoLC)647872769
050 1 4 _aBX4700.C6
_bK56 2008eb
082 0 4 _a271/.97302
_222
100 1 _aKnox, Lezlie S.
245 1 0 _aCreating Clare of Assisi
_h[electronic resource] :
_bfemale Franciscan identities in later medieval Italy /
_cby Lezlie S. Knox.
260 _aLeiden ;
_aBoston :
_bBrill,
_c2008.
300 _axv, 226 p. :
_bmaps.
490 1 _aThe medieval Franciscans,
_x1572-6991 ;
_vv. 5
504 _aIncludes bibliographical references (p. [191]-213) and index.
505 0 _aThe friars and sisters -- Clare and the Poor Sisters of San Damiano -- The Order of Saint Clare -- Beyond Clare : a Franciscan centered order -- The Clarisses and observant reform -- Writing female Franciscan identity -- Conclusion: The true daughters of Francis and Clare.
533 _aElectronic reproduction.
_bPalo Alto, Calif. :
_cebrary,
_d2013.
_nAvailable via World Wide Web.
_nAccess may be limited to ebrary affiliated libraries.
600 0 0 _aClare,
_cof Assisi, Saint,
_d1194-1253.
610 2 0 _aPoor Clares
_zItaly
_xHistory
_yMiddle Ages, 600-1500.
650 0 _aMonastic and religious life of women
_zItaly
_xHistory
_yMiddle Ages, 600-1500.
655 7 _aElectronic books.
_2local
710 2 _aebrary, Inc.
830 0 _aMedieval Franciscans ;
_vv. 5.
856 4 0 _uhttp://site.ebrary.com/lib/rucke/Doc?id=10363919
_zAn electronic book accessible through the World Wide Web; click to view
999 _c111155
_d111155